[Event "Lisbon Portugal rapid 2op"]
[Site "Lisbon"]
[Date "2020.02.02"]
[Round "1"]
[White "Bornand, Herbert"]
[Black "Stachowiak, Kamil"]
[Result "0-1"]
[WhiteElo "1723"]
[BlackElo "2448"]
[PlyCount "48"]
[EventDate "2020.01.02"]
[EventType "swiss (rapid)"]
[EventRounds "8"]
[EventCountry "POR"]
[SourceTitle "CBM 194 Extra"]
[Source "ChessBase"]
[SourceDate "2020.03.31"]
[SourceVersion "1"]
[SourceVersionDate "2020.03.31"]
[SourceQuality "1"]

1. d4 Nf6 2. Nc3 d5 3. Bg5 Nbd7 4. Nf3 b6 5. Ne5 Bb7 6. e3 a6 7. Be2 e6 8. 0-0 Be7 9. f4 0-0 10. Rf3 c5 11. Nxd7 Qxd7 12. Bd3 cxd4 13. exd4 Ne4 14. Rh3 g6 15. Ne2 Nxg5 16. fxg5 Bxg5 17. Ng3 f5 18. Qe2 b5 19. Re1 Rae8 20. Nh5 Qe7 21. Ng3 Bf6 22. c3 Bc8 23. Nf1 Qd6 24. Nd2 e5 0-1

[Event "Lisbon Portugal op"]
[Site "Lisbon"]
[Date "2020.01.25"]
[Round "1"]
[White "Bornand, Herbert"]
[Black "Esquivias Quintero, Luis Manuel"]
[Result "0-1"]
[WhiteElo "1722"]
[BlackElo "2318"]
[PlyCount "42"]
[EventDate "2020.01.25"]
[EventType "swiss"]
[EventRounds "9"]
[EventCountry "POR"]
[SourceTitle "CBM 194"]
[Source "ChessBase"]
[SourceDate "2020.02.29"]
[SourceVersion "1"]
[SourceVersionDate "2020.02.29"]
[SourceQuality "1"]

1. d4 Nf6 2. Nc3 d5 3. Bf4 e6 4. Nf3 Bb4 5. a3 Bxc3+ 6. bxc3 Ne4 7. Qd3 b6 8. Nd2 Ba6 9. Qe3 Nxd2 10. Qxd2 0-0 11. g4 c5 12. g5 Nc6 13. h4 cxd4 14. cxd4 Re8 15. Be5 Nxe5 16. dxe5 Rc8 17. f4 Rc5 18. Rh3 Qc7 19. Rc1 Rc8 20. Kd1 Bb5 21. c3 d4 0-1

[Event "EU-ch Seniors 65 19th"]
[Site "Rhodes"]
[Date "2019.04.12"]
[Round "7"]
[White "Ahlstrom, Per"]
[Black "Bornand, Herbert"]
[Result "1-0"]
[WhiteElo "1836"]
[BlackElo "1728"]
[PlyCount "33"]
[EventDate "2019.04.06"]
[EventType "swiss"]
[EventRounds "9"]
[EventCountry "GRE"]
[SourceTitle "CBM 189 Extra"]
[Source "ChessBase"]
[SourceDate "2019.05.31"]
[SourceVersion "1"]
[SourceVersionDate "2019.05.31"]
[SourceQuality "1"]

1. Nf3 Nf6 2. g3 d5 3. Bg2 Nbd7 4. d4 c5 5. c3 e6 6. 0-0 b6 7. Ne5 Nxe5 8. dxe5 Nd7 9. e4 d4 10. f4 h5 11. Qa4 g6 12. f5 Be7 13. fxe6 fxe6 14. Qc6 Ba6 15. Qxe6 Bxf1 16. Qxg6+ Kf8 17. Bh6+ 1-0

[Event "Heraklion op 18th"]
[Site "Heraklion"]
[Date "2016.09.09"]
[Round "8"]
[White "Aymerich Verdaguer, Eduard"]
[Black "Bornand, Herbert"]
[Result "1-0"]
[WhiteElo "2180"]
[BlackElo "1781"]
[PlyCount "73"]
[EventDate "2016.09.03"]
[EventType "swiss"]
[EventRounds "9"]
[EventCountry "GRE"]
[SourceTitle "CBM 174 Extra"]
[Source "ChessBase"]
[SourceDate "2016.10.10"]
[SourceVersion "1"]
[SourceVersionDate "2016.10.10"]
[SourceQuality "1"]

1. d4 Nf6 2. c4 e6 3. Nf3 Bb4+ 4. Bd2 a5 5. a3 Be7 6. Nc3 d6 7. Bg5 Nbd7 8. e3 h6 9. Bh4 b6 10. Qc2 Bb7 11. Be2 c5 12. 0-0 0-0 13. Rfd1 Re8 14. Bg3 Rc8 15. d5 e5 16. Ne1 Nf8 17. f4 exf4 18. exf4 Rc7 19. Nb5 Rd7 20. b4 N8h7 21. Bd3 Bf8 22. Nf3 Ba6 23. bxc5 Bxb5 24. cxb5 dxc5 25. Ne5 Rb7 26. Nc6 Qc7 27. Re1 Rxe1+ 28. Rxe1 Qd7 29. Rd1 g6 30. f5 g5 31. d6 Bxd6 32. Bc4 Bxg3 33. Rxd7 Bxh2+ 34. Kxh2 Rxd7 35. Ne5 Re7 36. Bxf7+ Kg7 37. Be6 1-0

[Event "Adelboden op 1st"]
[Site "Adelboden"]
[Date "2013.12.15"]
[Round "5"]
[White "Bornand, Herbert"]
[Black "Odermatt, Christoph"]
[Result "1-0"]
[WhiteElo "1936"]
[BlackElo "1592"]
[PlyCount "111"]
[EventDate "2013.12.13"]
[EventType "swiss"]
[EventRounds "5"]
[EventCountry "SUI"]
[SourceTitle "CBM 158 Extra"]
[Source "ChessBase"]
[SourceDate "2014.02.28"]
[SourceVersion "1"]
[SourceVersionDate "2014.02.28"]
[SourceQuality "1"]

1. d4 Nf6 2. Nc3 d5 3. Bg5 e6 4. e4 Be7 5. Bxf6 Bxf6 6. exd5 exd5 7. Qf3 Qe7+ 8. Nge2 c6 9. 0-0-0 0-0 10. Kb1 b5 11. Nf4 Qd7 12. Bd3 Qg4 13. Qxg4 Bxg4 14. f3 Bd7 15. Nce2 Re8 16. h4 g6 17. g4 Re3 18. Rdf1 Na6 19. c3 Nc7 20. Kc2 a5 21. Kd2 Re7 22. g5 Bg7 23. h5 Ne6 24. Nxe6 Bxe6 25. Rh2 Rae8 26. f4 Bg4 27. hxg6 fxg6 28. Rfh1 Bxe2 29. Rxe2 Rxe2+ 30. Bxe2 Re4 31. Rh4 Bf8 32. Bd3 Re8 33. b3 Be7 34. Rh2 b4 35. c4 dxc4 36. Bxc4+ Kg7 37. Re2 Kf8 38. Re6 Rc8 39. Ke3 Rc7 40. Ke4 Ke8 41. Re5 Ra7 42. Bg8 Kf8 43. Bxh7 Kg7 44. Bxg6 Kxg6 45. Re6+ Kf7 46. Rxc6 a4 47. f5 Bxg5 48. Ke5 axb3 49. axb3 Ra5+ 50. d5 Rb5 51. Ra6 Bh4 52. Ra7+ Kg8 53. f6 Bg3+ 54. Ke6 Rb6+ 55. Kf5 Rd6 56. Rg7+ 1-0

[Event "Adelboden op 1st"]
[Site "Adelboden"]
[Date "2013.12.15"]
[Round "4"]
[White "Frey, Jakob"]
[Black "Bornand, Herbert"]
[Result "1/2-1/2"]
[WhiteElo "1651"]
[BlackElo "1936"]
[PlyCount "68"]
[EventDate "2013.12.13"]
[EventType "swiss"]
[EventRounds "5"]
[EventCountry "SUI"]
[SourceTitle "CBM 158 Extra"]
[Source "ChessBase"]
[SourceDate "2014.02.28"]
[SourceVersion "1"]
[SourceVersionDate "2014.02.28"]
[SourceQuality "1"]

1. Nf3 c5 2. c4 Nc6 3. g3 e5 4. d3 d6 5. Bg2 Be7 6. b3 f5 7. Bb2 Be6 8. Nc3 Qd7 9. Qd2 h6 10. h4 Nf6 11. 0-0-0 a6 12. e4 b5 13. Nd5 Bd8 14. Ne1 Nd4 15. Nxf6+ Bxf6 16. Bxd4 cxd4 17. exf5 Bxf5 18. Bxa8 bxc4 19. bxc4 0-0 20. Bd5+ Kh8 21. Qb4 Qc7 22. Qb7 Qa5 23. Rd2 Qa3+ 24. Qb2 Qc5 25. f3 Bd8 26. Be4 Bd7 27. Kd1 Ba5 28. Rc2 Ba4 29. Ke2 Qc7 30. Qb7 Qxb7 31. Bxb7 Bxe1 32. Rxe1 Bxc2 33. Kd2 Ba4 34. c5 Rf7 1/2-1/2

[Event "Adelboden op 1st"]
[Site "Adelboden"]
[Date "2013.12.14"]
[Round "3"]
[White "Bornand, Herbert"]
[Black "Wipf, Armin"]
[Result "1-0"]
[WhiteElo "1936"]
[BlackElo "1542"]
[PlyCount "47"]
[EventDate "2013.12.13"]
[EventType "swiss"]
[EventRounds "5"]
[EventCountry "SUI"]
[SourceTitle "CBM 158 Extra"]
[Source "ChessBase"]
[SourceDate "2014.02.28"]
[SourceVersion "1"]
[SourceVersionDate "2014.02.28"]
[SourceQuality "1"]

1. d4 d5 2. Nc3 Nf6 3. Bg5 e6 4. e4 dxe4 5. Nxe4 Be7 6. Bxf6 Bxf6 7. Nf3 0-0 8. Bd3 Nd7 9. h4 b6 10. Qe2 Bb7 11. 0-0-0 Qe7 12. g4 g6 13. g5 Bg7 14. h5 c5 15. dxc5 Nxc5 16. Nxc5 Qxc5 17. hxg6 fxg6 18. Qxe6+ Rf7 19. Bc4 Raf8 20. Rd7 Bxf3 21. Rxf7 Qxg5+ 22. Kb1 Bd5 23. Rxf8+ Kxf8 24. Bxd5 1-0

[Event "Adelboden op 1st"]
[Site "Adelboden"]
[Date "2013.12.14"]
[Round "2"]
[White "Piskaykin, Bogdan"]
[Black "Bornand, Herbert"]
[Result "1-0"]
[WhiteElo "1619"]
[BlackElo "1936"]
[PlyCount "113"]
[EventDate "2013.12.13"]
[EventType "swiss"]
[EventRounds "5"]
[EventCountry "SUI"]
[SourceTitle "CBM 158 Extra"]
[Source "ChessBase"]
[SourceDate "2014.02.28"]
[SourceVersion "1"]
[SourceVersionDate "2014.02.28"]
[SourceQuality "1"]

1. e4 d6 2. d4 e5 3. dxe5 dxe5 4. Qxd8+ Kxd8 5. Nc3 Be6 6. Bg5+ f6 7. 0-0-0+ Bd6 8. Be3 a6 9. f4 Nd7 10. Nge2 b5 11. Nd5 Ne7 12. fxe5 Nxe5 13. Nef4 Bf7 14. Nxe7 Kxe7 15. Nd5+ Kd7 16. g3 h5 17. Bh3+ Ng4 18. Bf4 Bxf4+ 19. gxf4 Kc6 20. Bxg4 hxg4 21. Rd3 Bxd5 22. Rxd5 Rae8 23. Rd4 Rh4 24. Rg1 Re6 25. Rg2 Rd6 26. c3 a5 27. Rxd6+ Kxd6 28. Rd2+ Ke6 29. Rg2 c5 30. Kd2 g6 31. Re2 c4 32. e5 f5 33. Ke3 Rh3+ 34. Kd4 Rf3 35. Kc5 Rxf4 36. Kxb5 Kd5 37. Kxa5 Re4 38. Rd2+ Kxe5 39. Kb5 f4 40. a4 f3 41. a5 Re2 42. Rd8 Rxb2+ 43. Kxc4 Rxh2 44. Rf8 Ra2 45. Kb5 g3 46. Rxf3 Rb2+ 47. Kc6 Ke4 48. Rxg3 Rb3 49. a6 Kf4 50. Rxg6 Rxc3+ 51. Kb7 Kf5 52. Rb6 Rh3 53. a7 Rh7+ 54. Ka6 Rh8 55. Rb8 Rh6+ 56. Ka5 Rh1 57. a8Q 1-0

[Event "Wch Seniors 23rd"]
[Site "Opatija"]
[Date "2013.11.21"]
[Round "9"]
[White "Borensztajn, David"]
[Black "Bornand, Herbert"]
[Result "1/2-1/2"]
[WhiteElo "1869"]
[BlackElo "1966"]
[PlyCount "46"]
[EventDate "2013.11.12"]
[EventType "swiss"]
[EventRounds "11"]
[EventCountry "CRO"]
[SourceTitle "CBM 157 Extra"]
[Source "ChessBase"]
[SourceDate "2013.12.19"]
[SourceVersion "1"]
[SourceVersionDate "2013.12.19"]
[SourceQuality "1"]

1. d4 d5 2. Nf3 e6 3. e3 Nf6 4. Bd3 c5 5. b3 b6 6. Nbd2 Ba6 7. c4 g6 8. Bb2 Bg7 9. e4 dxe4 10. Nxe4 Bb7 11. dxc5 0-0 12. Nxf6+ Bxf6 13. Bxf6 Qxf6 14. 0-0 Rd8 15. Qe2 Bxf3 16. gxf3 Nd7 17. Be4 Rac8 18. cxb6 axb6 19. Qe3 Rc5 20. f4 e5 21. f5 gxf5 22. Bg2 f4 23. Qf3 Qh4 1/2-1/2

[Event "Wch Seniors 23rd"]
[Site "Opatija"]
[Date "2013.11.15"]
[Round "4"]
[White "Doubleday, William G"]
[Black "Bornand, Herbert"]
[Result "0-1"]
[WhiteElo "2037"]
[BlackElo "1966"]
[PlyCount "98"]
[EventDate "2013.11.12"]
[EventType "swiss"]
[EventRounds "11"]
[EventCountry "CRO"]
[SourceTitle "CBM 157 Extra"]
[Source "ChessBase"]
[SourceDate "2013.12.19"]
[SourceVersion "1"]
[SourceVersionDate "2013.12.19"]
[SourceQuality "1"]

1. d4 d5 2. c4 e6 3. Nc3 c6 4. e3 Nd7 5. Bd3 dxc4 6. Bxc4 Ngf6 7. a4 Bd6 8. Nf3 0-0 9. 0-0 Qe7 10. e4 e5 11. Bg5 Nb6 12. Be2 Bg4 13. Nxe5 Bxe2 14. Qxe2 Bxe5 15. dxe5 Qxe5 16. f4 Qc5+ 17. Kh1 Nfd7 18. a5 Nc4 19. e5 b5 20. Rfd1 Ndxe5 21. fxe5 f6 22. Bxf6 gxf6 23. Qg4+ Kh8 24. Rd7 Rg8 25. Qh4 Rg7 26. Qxf6 Qxe5 27. Qxg7+ Qxg7 28. Rxg7 Kxg7 29. b3 Nd2 30. b4 Rd8 31. h3 Rd3 32. Rd1 Kf6 33. Kg1 Ke5 34. Kf2 Ne4+ 35. Nxe4 Rxd1 36. Nc5 Kd4 37. g4 Rb1 38. Na6 Rb3 39. Kg2 Kd5 40. h4 Rc3 41. g5 Ke5 42. h5 Kf5 43. g6 hxg6 44. hxg6 Kxg6 45. Kf2 Kf5 46. Ke2 Ke5 47. Kd2 Rh3 48. Nc5 Kd5 49. Na6 Kc4 0-1